000 00282nam a2200109Ia 4500
008 190216s9999||||xx |||||||||||||| ||und||
100 _aEmil H White
245 0 _aChemical Background For The Biological Science
260 _bPrentice Hall India
650 _aBiochemistry
942 _cBK
999 _c1025
_d1025